000 01133nam a2200277 a 4500
008 140624c20069999||||||||||||||||| || u
020 _a0534409296
020 _a053499766X (Student ed.)
050 _aCD/QD 505.5 Kot
100 _aTreichel, Paul
245 1 0 _aGeneral chemistry now. Interactive version 4.0
_cJohn C. Kotz, Paul M. Treichel, Gabriela C. Weaver.
_h[cd-rom]
246 _aChemistry and chemical reactivity
246 _aChemistry & chemical reactivity
250 _a6th ed.
260 _aBelmont, CA
_bThomson Brooks/Cole
_c2006
300 _a4 3/4 in.
650 0 _aCHEMISTRY
650 0 _aCHEMICAL REACTIONS
650 0 _aCHEMISTRY - PROBLEMS, EXERCISES, ETC
650 0 _aCHEMICAL REACTIONS--PROBLEMS,EXERCISES,ETC
700 _aKotz, John C
700 _aWeaver, Gabriela C
856 _uhttp://now.brookscole.com/kotz6e
995 _ae-RESOURCES
_e20142269
_FCBU-MAIN LIBRARY (Kitwe)
_jCD/QD 505.5 Kot
_M2
_UAVAILABLE
_WJun 28, 2016
_y20142269
_Ze-Media Collection
995 _ae-RESOURCES
_e20140033
_FCBU-MAIN LIBRARY (Kitwe)
_jCD/QD 505.5 Kot
_M1
_UAVAILABLE
_WJun 24, 2014
_y20140033
_Ze-Media Collection
999 _c75832
_d75832